| 000 | 01006nam a22002537a 4500 | ||
|---|---|---|---|
| 003 | UA-OsUOA | ||
| 001 | 68700 | ||
| 007 | ta | ||
| 008 | 20100514b un ||||| |||| 00| 0 ukr d | ||
| 100 | _aВиженко О. | ||
| 090 |
_a82-94 _bВ42 |
||
| 942 | _cBK | ||
| 040 |
_aUA-OsUOA _bukr _cUA-OsUOA _dUA-OsUOA |
||
| 245 |
_aІсторія запорізьких козаків для веселих дітлахів _bв піснях, думах, легендах, приказках, прислів'ях, бувальщинах та небилицях розказана старими січовиками Данилом Кахикалом та Іваном Базікалом хлопчикові Власу Зерну |
||
| 300 | _a80 с. | ||
| 955 | _a2 | ||
| 041 | _aukr | ||
| 080 | _a82-94 | ||
| 020 | _a5-7707-3079-х | ||
| 260 |
_aЗапорожжя _bГілея _c1992 |
||
| 246 | 3 | 1 |
_a1 _n |
| 650 | 7 |
_a82 Література. Літературознавство _2UDC |
|
| 999 |
_c354946 _d354946 |
||